000 00612nam a2200277Ia 4500
005 20260324140826.0
008 008 260324s9999 xx 000 0 eng d
020 _a9780203070642
037 _aEBOOK
040 _aCRL
040 _beng
040 _cCRL
041 _2eng
041 _aeng
084 _qCRL
100 _aD.H. Mellor
_91190795
245 0 _aReal Time II
260 _bTaylor and Francis
260 _c1998
365 _a
365 _b255
856 _uhttp://www.taylorfrancis.com/books/9780203070642
942 _cEBOOK
999 _c1808333
_d1808333